000 00577nam a2200205 i 4500
001 105570
003 ES-MaACL
007 t|
008 060303s2006 sp ||||1| spa d
020 _a84-321-3598-4
080 _a821.134.2-14"19"
100 0 _aSuárez, José Manuel,
_d1949-
_9108568
245 1 0 _aEn sed de alianza /
_cJosé Manuel Suárez.
260 _aMadrid :
_bRialp,
_c[2006]
300 _a89 p. ;
_c17 cm.
490 1 _aAdonais ;
_v591
830 0 0 _aAdonáis
_v591
_9173743
852 _aES-MaACL
_jJ-23-591
_bR.137969
999 _c105570
_d105570